Randomized All Country Flags of the World - Statistics

General Stats
  • This quiz has been taken 4,384 times
  • The average score is 167 of 196
Answer Stats
Picture Answer % Correct
Australia
91%
Brazil
91%
Canada
91%
China
91%
France
91%
Germany
91%
India
91%
Japan
91%
Switzerland
91%
United Kingdom
91%
United States
91%
Argentina
90%
Belgium
90%
Croatia
90%
Cyprus
90%
Denmark
90%
Finland
90%
Georgia
90%
Greece
90%
Ireland
90%
Israel
90%
Italy
90%
Kenya
90%
Lebanon
90%
Mexico
90%
Nepal
90%
Netherlands
90%
New Zealand
90%
North Korea
90%
Norway
90%
Portugal
90%
Russia
90%
Saudi Arabia
90%
South Africa
90%
South Korea
90%
Spain
90%
Sweden
90%
Turkey
90%
Ukraine
90%
Vatican City
90%
Albania
89%
Bangladesh
89%
Bhutan
89%
Egypt
89%
Iceland
89%
Iran
89%
Jamaica
89%
Nigeria
89%
North Macedonia
89%
Poland
89%
Qatar
89%
Slovakia
89%
Vietnam
89%
Algeria
88%
Bosnia and Herzegovina
88%
Cambodia
88%
Chile
88%
Colombia
88%
Cuba
88%
Czechia
88%
Estonia
88%
Indonesia
88%
Iraq
88%
Luxembourg
88%
Morocco
88%
Pakistan
88%
Romania
88%
Serbia
88%
Slovenia
88%
Sri Lanka
88%
Thailand
88%
Tunisia
88%
Uruguay
88%
Venezuela
88%
Afghanistan
87%
Angola
87%
Austria
87%
Barbados
87%
Hungary
87%
Ivory Coast
87%
Kazakhstan
87%
Kosovo
87%
Latvia
87%
Malaysia
87%
Malta
87%
Panama
87%
Philippines
87%
Andorra
86%
Belarus
86%
Bulgaria
86%
Ecuador
86%
Ethiopia
86%
Fiji
86%
Laos
86%
Liberia
86%
Liechtenstein
86%
Monaco
86%
Mongolia
86%
Peru
86%
San Marino
86%
Seychelles
86%
Singapore
86%
Somalia
86%
Syria
86%
Taiwan
86%
Turkmenistan
86%
Uganda
86%
Bahrain
85%
Chad
85%
Dominican Republic
85%
Honduras
85%
Montenegro
85%
Niger
85%
Papua New Guinea
85%
Uzbekistan
85%
Azerbaijan
84%
Eswatini
84%
Jordan
84%
Kiribati
84%
Kyrgyzstan
84%
Nicaragua
84%
Palau
84%
St Lucia
84%
United Arab Emirates
84%
Armenia
83%
Bahamas
83%
Brunei
83%
D.R. Congo
83%
Guatemala
83%
Kuwait
83%
Lesotho
83%
Lithuania
83%
Madagascar
83%
Moldova
83%
Mozambique
83%
Oman
83%
Paraguay
83%
Trinidad and Tobago
83%
Yemen
83%
Zambia
83%
Antigua and Barbuda
82%
Belize
82%
Botswana
82%
Central African Republic
82%
Costa Rica
82%
El Salvador
82%
F.S. Micronesia
82%
Ghana
82%
Haiti
82%
Libya
82%
Maldives
82%
Myanmar
82%
Tajikistan
82%
Tanzania
82%
Tonga
82%
Cameroon
81%
Dominica
81%
Malawi
81%
Marshall Islands
81%
Mauritania
81%
Samoa
81%
St Vincent and the Grenadines
81%
Tuvalu
81%
Zimbabwe
81%
Burkina Faso
80%
Burundi
80%
Cape Verde
80%
Comoros
80%
Eritrea
80%
Guyana
80%
Nauru
80%
Senegal
80%
South Sudan
80%
Sudan
80%
East Timor
79%
Grenada
79%
Togo
79%
Benin
78%
Djibouti
78%
Gabon
78%
Rep. of the Congo
78%
Rwanda
78%
Sierra Leone
78%
Suriname
78%
Vanuatu
78%
Equatorial Guinea
77%
Mali
77%
Mauritius
77%
Namibia
77%
Sao Tome and Principe
77%
Solomon Islands
77%
St Kitts and Nevis
77%
Gambia
76%
Guinea
76%
Guinea-Bissau
75%
Bolivia
74%
No matching quizzes found
Score Distribution
Percent of People with Each Score
Percentile by Number Answered
Your Score History
You have not taken this quiz